000 01244nam a2200313Ia 4500
001 ebr10257643
003 CaPaEBR
006 m u
007 cr cn|||||||||
008 080805s2008 nju sb 001 0 eng d
010 _z 2008034573
020 _z9780470293140
040 _aCaPaEBR
_cCaPaEBR
035 _a(OCoLC)298281920
050 1 4 _aT353
_b.M42 2008eb
245 0 0 _aMastering Autodesk Inventor 2009 and Autodesk Inventor LT 2009
_h[electronic resource] /
_cCurtis Waguespack ... [et al.].
250 _a1st ed.
260 _aHoboken, NJ :
_bWiley Technology Pub.,
_c2008.
300 _axxv, 574 p.
504 _aIncludes bibliographical references and index.
533 _aElectronic reproduction.
_bPalo Alto, Calif. :
_cebrary,
_d2009.
_nAvailable via World Wide Web.
_nAccess may be limited to ebrary affiliated libraries.
630 0 0 _aAutodesk Inventor (Electronic resource)
650 0 _aEngineering graphics.
650 0 _aEngineering models
_xData processing.
655 7 _aElectronic books.
_2local
700 1 _aWaguespack, Curtis,
_d1974-
710 2 _aebrary, Inc.
856 4 0 _uhttp://site.ebrary.com/lib/rucke/Doc?id=10257643
_zAn electronic book accessible through the World Wide Web; click to view
999 _c32024
_d32024